| 000 | 01920 a2200241 4500 | ||
|---|---|---|---|
| 001 | 16008 | ||
| 005 | 20260407155453.0 | ||
| 008 | 260407a2001 arg spa d | ||
| 003 | AR-UNSa-BCEJYS | ||
| 040 |
_aAR-UNSa-BCEJYS _bspa _cAR-UNSa-BCEJYS |
||
| 080 |
_a342 _xDerecho constitucional (Derecho Público) |
||
| 245 | 1 | 0 | _aDerecho constitucional argentino |
| 020 | _a950-727-317-4 | ||
| 264 | 1 |
_aBuenos Aires : _bRubinzal-Culzoni Editores _c2001 |
|
| 300 |
_a2 v. _c22 cm. |
||
| 505 | _aVol. I: 1. Nociones preliminares - 2. Tipología y clasificación de las constituciones - 3. Poder constituyente -- Sección primera: Subestructura de actos, normas, interpretación y sujetos constitucionales. 1. Actos constitucionales - 2. Normas constitucionales - 3. Interpretación constitucional - 4. Sujetos constitucionales -- Sección segunda: Subestructura de derechos, garantías y deberes constitucionales: 1. Derecho constitucionales - 2. Garantías constitucionales - 3. Deberes públicos subjetivos -- Sección tercera: Subretructura de los principios constitucionales: 1. Principio de supremacía - 2. Subprincipio de control -- Vol. II: 3. Principios de limitación - 4. Principio de funcionalidad - 5. Principio de estabilidad -- Sección cuarta: Subestructura orgánica constitucional: 1. La forma de gobierno del estado federal - 2. El estado federal argentino - 3. Poder Legislativo federal - 4. Poder Ejecutivo Federal - 5. Poder Judicial Federal - 6. Organos extrapoder -- La realidad constitucional al margen de la estructura normativa: 1. Gobiernos de factos - 2. Ley Marcial | ||
| 942 | _cBK | ||
| 590 | _aniveau_biblio:m niveau_hierar:0 | ||
| 100 | 1 | _aQuiroga Lavié, Humberto | |
| 700 | 1 | _aBenedetti, Miguel Angel | |
| 700 | 1 | _aCenicacelaya, María de las Nieves | |
| 856 | 4 | 1 |
_uhttps://biblioeco.unsa.edu.ar/pmb/images/libros/Derecho Constitucional Argentino-l116013.jpg _yImagen de portada _qimage/jpeg |
| 999 |
_c680 _d680 |
||